000 00390nam a2200133Ia 4500
005 20260326235452.0
008 260326s9999||||xx |||||||||||||| ||und||
100 _aBrandenburg, Alain Erlande
245 0 _aCathedrals and castles :
_b Building in the Middle Ages /
_cAlain Erlande Brandenburg
260 _bHarry N. Abrams
300 _a175 p.
650 _aARQUITECTURA GÓTICA
942 _cBK
999 _c7810
_d7810